000 01644cam a22003975a 4500
003 EG-ScBUE
005 20211223120030.0
008 150816t1991 nyua f b 001 0 eng d
020 _a0805785531 (pbk.)
040 _aEG-ScBUE
_beng
_erda
_cEG-ScBUE
_dEG-ScBUE
082 0 4 _a823.8
_bRAC
_222
100 1 _aRackin, Donald,
_eauthor.
245 1 0 _aAlice's adventures in wonderland and through the looking glass :
_bnonsense, sense, and meaning /
_cDonald Rackin.
264 1 _aNew York :
_bTwayne Publishers,
_c[1991]
264 4 _cc1991
300 _axvii, 179 pages :
_billustrations ;
_c23 cm.
336 _2rdacontent
_atext
_btxt
337 _2rdamedia
_aunmediated
_bn
338 _2rdacarrier
_avolume
_bnc
490 0 _aTwayne's masterwork studies ;
_vno. 81
504 _aIncludes bibliographical references and index.
590 _aMohamed Hussein
600 1 7 _aCarroll, Lewis,
_d1832-1898.
_tAlice's adventures in Wonderland.
_2BUEsh
600 1 7 _aCarroll, Lewis,
_d1832-1898.
_tThrough the looking glass.
_2BUEsh
650 7 _aChildren
_xBooks and reading
_zGreat Britain
_xHistory
_y19th century.
_2BUEsh
650 7 _aNonsense literature, English
_xHistory and criticism.
_2BUEsh
650 7 _aChildren's stories, English
_xHistory and criticism.
_2BUEsh
_940119
650 7 _aFantasy fiction, English
_xHistory and criticism.
_2BUEsh
650 7 _aAlice (Fictitious character : Carroll)
_2BUEsh
650 7 _aMeaning (Philosophy) in literature.
_2BUEsh
650 7 _aChildren in literature.
_2BUEsh
651 _2BUEsh
653 _cAugust2015
_bHHUUEENN
655 _vReading book
_934232
942 _cBB
_k823.8 RAC
_2ddc
999 _c5389
_d5389